Lumbalgia

Guardado en:
Detalles Bibliográficos
Autor principal: Cailliet, René (Autor)
Formato: Libro
Lenguaje:español
Publicado: Ciudad de México Manual Moderno 1997
Colección:Serie Síndromes Dolorosos
Materias:
Etiquetas: Agregar Etiqueta
Sin Etiquetas, Sea el primero en etiquetar este registro!

MARC

LEADER 00000nam a2200000 a 4500
001 UCQ3427
003 CL-VaPUC
008 980821e19970000MX |||||||||||||||||spa|d
082 0 4 |a 616.7  |b CAI  |2 21 
100 0 |a Cailliet, René  |e author  |9 417559 
245 1 0 |a Lumbalgia 
300 |a 202 p 
942 |c BK 
945 |d 19980821 00:00:00  |a aarredon 
260 |a Ciudad de México  |b Manual Moderno  |c 1997 
650 7 |a FISIOLOGIA  |2 CL-VaPUC  |9 417560 
650 0 |a Músculos  |9 269552 
650 0 |a Anatomía  |9 261202 
650 7 |a TRATAMIENTO  |2 CL-VaPUC  |9 393927 
650 0 |a Dolor  |9 313052 
650 7 |a NERVIO SIATICO  |2 CL-VaPUC  |9 417561 
650 7 |a LUMBALGIA  |2 CL-VaPUC  |9 417562 
583 |a last modification  |c 19980821 00:00:00  |k Rodrigo Vera 
490 0 |a Serie Síndromes Dolorosos 
999 |c 274007  |d 274005 
952 |0 0  |1 0  |4 0  |6 616_700000000000000_CAI_1997  |7 0  |8 A  |9 310040  |a BIBCUR  |b BIBCUR  |d 2019-11-20  |i 3446956  |o 616.7 CAI 1997  |p 3446956  |r 2025-04-22  |w 2019-11-20  |y BK  |k KIN 
952 |0 0  |1 0  |4 0  |6 616_700000000000000_CAI_1997  |7 0  |8 A  |9 310041  |a BIBCUR  |b BIBCUR  |d 2019-11-20  |i 3446964  |o 616.7 CAI 1997  |p 3446964  |r 2025-04-22  |w 2019-11-20  |y BK  |k KIN 
952 |0 0  |1 0  |4 0  |6 616_700000000000000_CAI_1997  |7 0  |8 A  |9 310042  |a BIBCUR  |b BIBCUR  |d 2019-11-20  |i 3446980  |o 616.7 CAI 1997  |p 3446980  |r 2025-04-22  |w 2019-11-20  |y BK  |k KIN 
952 |0 0  |1 0  |4 0  |6 616_700000000000000_CAI_1997  |7 0  |8 A  |9 310043  |a BIBCUR  |b BIBCUR  |d 2019-11-20  |i 3446999  |o 616.7 CAI 1997  |p 3446999  |r 2025-04-22  |w 2019-11-20  |y BK  |k KIN